000 00569nam a22002057a 4500
003 OSt
005 20260216122257.0
008 260216b |||||||| |||| 00| 0 eng d
020 _a9780474088115
040 _aSEKU
_bSEKU
050 _aKD 2079
_b .G68 2008
100 _aDavies, P. L. (Paul
245 _aGower and Davies' principles of modern company law
250 _a8th Ed.
260 _a,London:
_bSweet & Maxwell,
_c2008.
300 _a1294p,:
440 _aPrinciples of modern company law
650 _aCorporation la-
_zGreat Britain
942 _2lcc
_cGEN
999 _c18758
_d18758